000 00777nam a2200205Ia 4500
003 OSt
005 20210827134031.0
008 210310s1980 ck fr 000 0 spa d
040 _aCO-JMCR
_cCO-JMCR
041 0 _aspa
082 0 4 _a340.1 /
_bG569f
_223
100 1 _aGómez Duque, Luis Fernando,
_917199
_eautor
245 1 0 _aFilosofía del derecho /
_cLuis Fernando Gómez Duque
260 _aBogotá :
_bUniversidad Externado de Colombia,
_c1980
300 _axiv, 573 páginas ;
_c22 cm.
500 _aIncluye notas a pie de página e índice onomástico y de conceptos.
505 0 _aLógica jurídica -- Ámbito de la lógica -- Métodos generales de investigación lógica -- Del concepto -- El juicio
650 1 4 _aFilosofía del derecho
_917201
942 _2ddc
_cBK
999 _c8414
_d8414